[Event "Kiev Spring op"]
[Site "Kiev"]
[Date "2011.03.23"]
[Round "6.20"]
[White "Kazakouski, Valery"]
[Black "Brozhik, Vasilij"]
[Result "1-0"]
[WhiteElo "1794"]
[BlackElo "2066"]
[PlyCount "41"]
[EventDate "2011.03.19"]
[EventType "swiss"]
[EventRounds "9"]
[EventCountry "UKR"]
[SourceTitle "EXT 2012"]
[Source "ChessBase"]
[SourceDate "2011.11.24"]
[SourceVersion "1"]
[SourceVersionDate "2011.11.24"]
[SourceQuality "1"]

1. e4 d6 2. d4 Nf6 3. Nc3 g6 4. f4 Bg7 5. Nf3 0-0 6. e5 Nfd7 7. h4 c5 8. h5 cxd4 9. Qxd4 Nc6 10. Qf2 dxe5 11. hxg6 hxg6 12. Qh4 Re8 13. fxe5 Ndxe5 14. Qh7+ Kf8 15. Bh6 Nxf3+ 16. gxf3 Qd2+ 17. Kxd2 Rd8+ 18. Ke1 Ke8 19. Bxg7 Be6 20. Bb5 Kd7 21. Bxc6+ 1-0

[Event "Kiev Independence Cup-A 10th"]
[Site "Kiev"]
[Date "2010.08.22"]
[Round "11"]
[White "Brozhik, Vasilij"]
[Black "Karnaukh, Anatolij"]
[Result "0-1"]
[WhiteElo "2086"]
[BlackElo "2195"]
[PlyCount "61"]
[EventDate "2010.08.12"]
[EventType "swiss"]
[EventRounds "11"]
[EventCountry "UKR"]
[SourceTitle "CBM 138 Extra"]
[Source "ChessBase"]
[SourceDate "2010.10.29"]
[SourceVersion "1"]
[SourceVersionDate "2010.10.29"]
[SourceQuality "1"]

1. e4 e5 2. Nf3 Nc6 3. d4 exd4 4. Nxd4 Bc5 5. Be3 Bb6 6. Nxc6 bxc6 7. Bxb6 axb6 8. Qd4 Nf6 9. Nc3 0-0 10. Be2 c5 11. Qd2 d6 12. 0-0 Bb7 13. Qf4 Re8 14. f3 Qe7 15. Bc4 c6 16. Rfd1 b5 17. Bxb5 cxb5 18. Nxb5 d5 19. g4 Red8 20. e5 Ne8 21. a4 Bc6 22. c4 g5 23. Qf5 dxc4 24. Re1 Ng7 25. Qb1 Bxf3 26. a5 Rd7 27. e6 fxe6 28. Re3 Bxg4 29. Qe4 Rb8 30. Qxg4 Rxb5 31. Qe4 0-1

[Event "Kiev Independence Cup-A 10th"]
[Site "Kiev"]
[Date "2010.08.13"]
[Round "2"]
[White "Brozhik, Vasilij"]
[Black "Shankovsky, Andriy"]
[Result "0-1"]
[WhiteElo "2086"]
[BlackElo "2337"]
[PlyCount "21"]
[EventDate "2010.08.12"]
[EventType "swiss"]
[EventRounds "11"]
[EventCountry "UKR"]
[SourceTitle "CBM 138 Extra"]
[Source "ChessBase"]
[SourceDate "2010.10.29"]
[SourceVersion "1"]
[SourceVersionDate "2010.10.29"]
[SourceQuality "1"]

1. d4 d5 2. c4 dxc4 3. Nf3 Nf6 4. Qa4+ Nbd7 5. Qxc4 a6 6. Bf4 c6 7. Nc3 Nb6 8. Qb3 Bf5 9. e3 h6 10. Be2 e6 11. 0-0 0-1

[Event "Kiev-ch"]
[Site "Kiev"]
[Date "2010.03.07"]
[Round "3"]
[White "Brozhik, Vasilij"]
[Black "Petrova, Irina"]
[Result "1-0"]
[WhiteElo "2095"]
[BlackElo "1988"]
[PlyCount "83"]
[EventDate "2010.03.04"]
[EventType "swiss"]
[EventRounds "9"]
[EventCountry "UKR"]
[SourceTitle "CBM 135 Extra"]
[Source "ChessBase"]
[SourceDate "2010.05.04"]
[SourceVersion "1"]
[SourceVersionDate "2010.05.04"]
[SourceQuality "1"]

1. d4 Nf6 2. c4 g6 3. g3 Bg7 4. Bg2 c5 5. d5 0-0 6. e4 d6 7. Ne2 a6 8. Nbc3 e6 9. dxe6 Bxe6 10. Nd5 Bxd5 11. exd5 b5 12. 0-0 Nbd7 13. cxb5 axb5 14. f4 Re8 15. f5 Qe7 16. Nf4 g5 17. Ne6 fxe6 18. dxe6 Ne5 19. Bxa8 Rxa8 20. Bxg5 Rd8 21. Bxf6 Qxf6 22. Qd5 Kh8 23. a4 Ng4 24. Qf3 Ne5 25. Qd1 Nc4 26. Qe2 Ra8 27. e7 Re8 28. axb5 Ne5 29. Ra7 Rxe7 30. b6 Nd7 31. Qb5 Qd4+ 32. Kg2 Qe4+ 33. Kh3 Nb8 34. Rxe7 Qxe7 35. b7 Be5 36. Qb3 Kg7 37. Qd5 Qf7 38. Qf3 d5 39. Rd1 Bd4 40. b4 Qxb7 41. bxc5 Qb4 42. Qg4+ 1-0

[Event "Kiev Independence Cup-B 9th"]
[Site "Kiev"]
[Date "2009.08.04"]
[Round "2"]
[White "Brozhik, Vasilij"]
[Black "Vorontsov, Pavlo"]
[Result "1-0"]
[WhiteElo "2097"]
[BlackElo "1935"]
[PlyCount "89"]
[EventDate "2009.08.03"]
[EventType "swiss"]
[EventRounds "9"]
[EventCountry "UKR"]
[SourceTitle "CBM 131 Extra"]
[Source "ChessBase"]
[SourceDate "2009.09.03"]
[SourceVersion "2"]
[SourceVersionDate "2009.09.16"]
[SourceQuality "1"]

1. d4 Nf6 2. c4 g6 3. g3 Bg7 4. Bg2 d5 5. Nc3 dxc4 6. Qa4+ c6 7. Qxc4 0-0 8. Nf3 Nfd7 9. Bf4 Nb6 10. Qd3 Na6 11. Rd1 Nb4 12. Qb1 N6d5 13. Bd2 Qb6 14. 0-0 Bg4 15. a3 Nxc3 16. bxc3 Nd5 17. h3 Bf5 18. Qc1 Qb3 19. Ne1 Nb6 20. Nd3 Qc4 21. Nc5 Na4 22. Nxa4 Qxa4 23. Qb2 b6 24. Qb4 Qxb4 25. axb4 Bd7 26. b5 Rac8 27. Ra1 c5 28. c4 Bxd4 29. Rxa7 Be6 30. Rc1 Rfd8 31. Bf4 Rd7 32. Ra6 Bb2 33. Rc2 Rd1+ 34. Kh2 Bd4 35. e3 Bf5 36. e4 Bd7 37. Rxb6 e5 38. Bh6 Rb1 39. Ra6 f5 40. exf5 Bxf5 41. Bd5+ Kh8 42. Rca2 Rb2 43. Rxb2 Bxb2 44. f3 Re8 45. b6 1-0

[Event "Kiev-ch"]
[Site "Kiev"]
[Date "2009.01.29"]
[Round "10"]
[White "Kraschenko, Alexandr"]
[Black "Brozhik, Vasilij"]
[Result "1-0"]
[WhiteElo "2027"]
[BlackElo "2134"]
[PlyCount "103"]
[EventDate "2009.01.17"]
[EventType "swiss"]
[EventRounds "11"]
[EventCountry "UKR"]
[SourceTitle "CBM 128 Extra"]
[Source "ChessBase"]
[SourceDate "2009.03.05"]
[SourceVersion "2"]
[SourceVersionDate "2009.03.25"]
[SourceQuality "1"]

1. c4 Nf6 2. Nc3 e5 3. g3 Bb4 4. Bg2 0-0 5. d3 d5 6. cxd5 Nxd5 7. Bd2 Be6 8. Nf3 f6 9. 0-0 a5 10. Qc2 c6 11. d4 Bxc3 12. bxc3 exd4 13. Nxd4 Bf7 14. e4 Ne7 15. Be3 Bc4 16. Rfd1 Qc8 17. f4 Na6 18. Rd2 Re8 19. Bf1 Bf7 20. Nf3 b5 21. Bd3 Ng6 22. Re1 b4 23. c4 a4 24. Rf2 b3 25. axb3 Nb4 26. Qc3 Nxd3 27. Qxd3 axb3 28. Nd2 b2 29. Rb1 Qb7 30. Qc2 Reb8 31. Bd4 Ra2 32. Rf3 Qd7 33. Bc3 h5 34. f5 Ne5 35. Bxe5 fxe5 36. Rd3 Qa7+ 37. Kg2 Ra3 38. Rf3 Rxf3 39. Nxf3 Qa3 40. Nxe5 Be8 41. Nd3 c5 42. Rxb2 Rd8 43. Nf4 Ba4 44. Qe2 Bd1 45. Qf2 Bf3+ 46. Kh3 Bxe4 47. Ne6 Re8 48. f6 Qa7 49. Nxc5 Bc6 50. Rb7 Bxb7 51. f7+ Kf8 52. Nd7+ 1-0

[Event "Kiev Independence Cup-A 8th"]
[Site "Kiev"]
[Date "2008.08.15"]
[Round "3"]
[White "Ianov, Viktor"]
[Black "Brozhik, Vasilij"]
[Result "1-0"]
[WhiteElo "2370"]
[BlackElo "2148"]
[PlyCount "99"]
[EventDate "2008.08.13"]
[EventType "swiss"]
[EventRounds "11"]
[EventCountry "UKR"]
[SourceTitle "CBM 126 Extra"]
[Source "ChessBase"]
[SourceDate "2008.11.05"]
[SourceVersion "1"]
[SourceVersionDate "2008.11.05"]
[SourceQuality "1"]

1. d4 Nf6 2. c4 e6 3. g3 d5 4. Nf3 Be7 5. Bg2 0-0 6. 0-0 Nbd7 7. Qc2 Ne4 8. Bf4 c6 9. Nbd2 f5 10. Nb3 g5 11. Bc1 g4 12. Ne1 Qe8 13. Nd3 Kh8 14. Be3 Rg8 15. Rae1 h5 16. f3 Nd6 17. Nd2 h4 18. Bf2 Bg5 19. c5 Nf7 20. gxh4 Bh6 21. Kh1 Nf6 22. Rg1 Nh5 23. Nf1 Nf6 24. Bg3 Nh5 25. Bf2 Nf6 26. Qd1 Bd7 27. Qb3 Qc8 28. Ne5 Nxe5 29. dxe5 Nh7 30. Bg3 gxf3 31. exf3 b6 32. Bf2 bxc5 33. Bxc5 a5 34. Ng3 Rb8 35. Qc2 Rb5 36. Bf1 Rb7 37. Ba6 Qa8 38. Bxb7 Qxb7 39. Nxf5 Rxg1+ 40. Rxg1 exf5 41. e6 Bxe6 42. Bd4+ Nf6 43. Bxf6+ Kh7 44. Bd4 Qb5 45. b3 Bf8 46. Qg2 Bf7 47. Qc2 Be6 48. Qd2 Bh6 49. Qe1 Qd3 50. Qxe6 1-0

[Event "Kiev Independence Cup-A 8th"]
[Site "Kiev"]
[Date "2008.08.14"]
[Round "2"]
[White "Shankovsky, Andriy"]
[Black "Brozhik, Vasilij"]
[Result "1-0"]
[WhiteElo "2265"]
[BlackElo "2148"]
[PlyCount "219"]
[EventDate "2008.08.13"]
[EventType "swiss"]
[EventRounds "11"]
[EventCountry "UKR"]
[SourceTitle "CBM 126 Extra"]
[Source "ChessBase"]
[SourceDate "2008.11.05"]
[SourceVersion "1"]
[SourceVersionDate "2008.11.05"]
[SourceQuality "1"]

1. e4 c5 2. Nf3 d6 3. d4 cxd4 4. Nxd4 Nf6 5. f3 e5 6. Nb3 Be7 7. c4 Be6 8. Be3 Qc7 9. Na3 a6 10. Be2 Nbd7 11. 0-0 0-0 12. Rc1 Rac8 13. Qd2 Nc5 14. Rfd1 Nfd7 15. Nxc5 dxc5 16. Nb1 Nb8 17. Nc3 Nc6 18. Nd5 Bxd5 19. cxd5 Nd4 20. Bxd4 exd4 21. b4 Qe5 22. bxc5 Bg5 23. Qb4 Bxc1 24. Rxc1 Qf4 25. Rd1 Qe3+ 26. Kf1 d3 27. Rxd3 Qxc5 28. Qxb7 Qd6 29. Rd1 Qxh2 30. Qxa6 Ra8 31. Qc4 Rfc8 32. Qb3 Rab8 33. Bb5 Rxb5 34. Qxb5 Qh1+ 35. Ke2 Qxg2+ 36. Ke3 Qxa2 37. d6 Qa7+ 38. Ke2 h6 39. d7 Rd8 40. f4 Qa2+ 41. Ke3 Qe6 42. Rd5 f6 43. f5 Qe7 44. Kf4 Kh7 45. Rd3 Qf7 46. Kg4 Qe7 47. Qd5 Qb4 48. Kf3 Qb1 49. Ke2 Qh1 50. Qc4 Qg2+ 51. Ke3 Qg5+ 52. Kf3 Qh5+ 53. Kf2 Qh4+ 54. Ke2 Qh5+ 55. Kf2 Qh4+ 56. Kg2 Qg5+ 57. Kf2 Qf4+ 58. Ke2 Qh2+ 59. Ke3 Qg3+ 60. Kd2 Qg5+ 61. Kc3 Qg2 62. Rd2 Qh3+ 63. Kc2 Qf3 64. Qe6 Qe3 65. Qc6 Rb8 66. Qd5 Rd8 67. Rd3 Qe1 68. Qb7 Qe2+ 69. Kc3 Qe1+ 70. Kc4 h5 71. Kd5 Qe2 72. Kd4 Qf2+ 73. Kd5 Qe2 74. Rh3 Qd1+ 75. Ke6 Kh6 76. Ke7 Rh8 77. Qd5 Qa1 78. d8Q Rxd8 79. Kxd8 Qf1 80. Rg3 h4 81. Rg6+ Kh7 82. Ke7 Qa6 83. Qd7 Qa3+ 84. Kf7 Qa2+ 85. Ke8 Qa8+ 86. Kf7 Qa2+ 87. Ke7 Qa3+ 88. Qd6 Qa7+ 89. Kd8 Qa8+ 90. Kd7 Qa4+ 91. Qc6 Qa7+ 92. Kc8 Qf7 93. Rg4 Qh5 94. Rg6 Qe2 95. Qb7 Qc4+ 96. Kd8 Qg8+ 97. Ke7 Qc4 98. Rg4 Qc5+ 99. Kf7 Qc4+ 100. Ke8 Qg8+ 101. Ke7 Kh6 102. Rxh4+ Kg5 103. Rh2 Qc4 104. Kf8 Qc5+ 105. Kxg7 Qd6 106. Rh6 Kf4 107. Rxf6 Qd4 108. Kg6 Qg1+ 109. Kf7 Qh1 110. Qc7+ 1-0

[Event "Kiev Independence Cup-A 7th"]
[Site "Kiev"]
[Date "2007.08.22"]
[Round "10"]
[White "Dorokhin, Mykhailo"]
[Black "Brozhik, Vasilij"]
[Result "1-0"]
[WhiteElo "2250"]
[BlackElo "2164"]
[PlyCount "107"]
[EventDate "2007.08.13"]
[EventType "swiss"]
[EventRounds "11"]
[EventCountry "UKR"]
[SourceTitle "CBM 119 Extra"]
[Source "ChessBase"]
[SourceDate "2007.09.04"]
[SourceVersion "1"]
[SourceVersionDate "2007.09.04"]
[SourceQuality "1"]

1. e4 c5 2. Nc3 d6 3. d3 g6 4. Be3 Bg7 5. g3 Nc6 6. Bg2 e6 7. Nge2 Nge7 8. 0-0 Nd4 9. Qd2 0-0 10. Nd1 Nec6 11. c3 Nxe2+ 12. Qxe2 f5 13. f4 Bd7 14. Nf2 b6 15. Rad1 Rc8 16. Kh1 Qe7 17. a3 Nd8 18. d4 c4 19. Bc1 Re8 20. Rde1 Qf8 21. Qd1 Bc6 22. g4 Nb7 23. Bf3 Na5 24. gxf5 exf5 25. e5 d5 26. Qc2 Qe7 27. Nd1 Nb3 28. Ne3 Nxc1 29. Rxc1 Red8 30. Qg2 Qe6 31. Rg1 Kh8 32. Qh3 b5 33. Rg2 Rc7 34. Rcg1 Be8 35. Qh4 Rcd7 36. Qg5 h6 37. Qh4 Kh7 38. Bh5 gxh5 39. Rxg7+ Rxg7 40. Qxd8 Rd7 41. Qh4 a5 42. Qh3 Bg6 43. Ng2 h4 44. Nxh4 Bh5 45. Qg2 Bg4 46. h3 Bh5 47. Kh2 b4 48. Nxf5 Bf3 49. Qxf3 Qxf5 50. Qg4 Qxg4 51. Rxg4 bxc3 52. bxc3 Rb7 53. e6 Rb2+ 54. Rg2 1-0

[Event "Kiev Independence Cup-A 7th"]
[Site "Kiev"]
[Date "2007.08.17"]
[Round "5"]
[White "Brozhik, Vasilij"]
[Black "Vdovichenko, Vladislav"]
[Result "1/2-1/2"]
[WhiteElo "2164"]
[BlackElo "2198"]
[PlyCount "115"]
[EventDate "2007.08.13"]
[EventType "swiss"]
[EventRounds "11"]
[EventCountry "UKR"]
[SourceTitle "CBM 119 Extra"]
[Source "ChessBase"]
[SourceDate "2007.09.04"]
[SourceVersion "1"]
[SourceVersionDate "2007.09.04"]
[SourceQuality "1"]

1. c4 e5 2. e3 Nf6 3. Nc3 Bb4 4. Nge2 0-0 5. a3 Bxc3 6. Nxc3 d5 7. cxd5 Nxd5 8. Qc2 Be6 9. b4 a5 10. b5 Nd7 11. Bb2 Re8 12. Be2 Nxc3 13. Qxc3 Bd5 14. 0-0 Qg5 15. f3 c5 16. bxc6 Bxc6 17. Qc4 Rad8 18. Bc3 a4 19. Rab1 Rc8 20. Qg4 Qxg4 21. fxg4 Nc5 22. Bc4 Rc7 23. Bb4 Ne6 24. Rfc1 Rd7 25. h4 h6 26. Kf2 Nf8 27. g3 Nh7 28. Ke1 g6 29. Be2 Nf6 30. d3 Kg7 31. Bd2 e4 32. d4 Rdd8 33. Rc5 Bd5 34. Rbb5 Bc6 35. Rb4 Nd5 36. Rb2 Re6 37. Ra5 g5 38. h5 Nf6 39. Ra7 Red6 40. Ba5 Rc8 41. Bd2 Rdd8 42. Ra5 Rd7 43. Bd1 Re7 44. Kf2 Rec7 45. Ke1 Bd7 46. Ra7 Bxg4 47. Bxa4 Bxh5 48. Raxb7 Rxb7 49. Rxb7 Ra8 50. Bb3 Rxa3 51. Bc3 Ra6 52. d5 Kg6 53. Bc4 Rd6 54. Be5 Rxd5 55. Bxd5 Nxd5 56. Bd4 Bg4 57. Rb8 Be6 58. Kf2 1/2-1/2

[Event "Kiev Independence Cup-A 7th"]
[Site "Kiev"]
[Date "2007.08.15"]
[Round "3"]
[White "Brozhik, Vasilij"]
[Black "Panchenko, Alexandar G"]
[Result "0-1"]
[WhiteElo "2164"]
[BlackElo "2346"]
[PlyCount "96"]
[EventDate "2007.08.13"]
[EventType "swiss"]
[EventRounds "11"]
[EventCountry "UKR"]
[SourceTitle "CBM 119 Extra"]
[Source "ChessBase"]
[SourceDate "2007.09.04"]
[SourceVersion "1"]
[SourceVersionDate "2007.09.04"]
[SourceQuality "1"]

1. d4 Nf6 2. c4 e6 3. Nc3 Bb4 4. e3 c5 5. Bd3 Nc6 6. Nge2 d5 7. 0-0 cxd4 8. exd4 dxc4 9. Bxc4 0-0 10. Bg5 Be7 11. a3 b6 12. Bxf6 Bxf6 13. d5 exd5 14. Bxd5 Bd7 15. Rb1 Rc8 16. Qd3 Ne5 17. Qa6 Rc5 18. Rfd1 Ra5 19. Qb7 Bc8 20. Qa8 Qe7 21. b4 Rxa3 22. Be4 Be6 23. Nd5 Bxd5 24. Qxd5 Ng6 25. f3 Be5 26. g3 Bb8 27. Kg2 Qf6 28. Qf5 Qxf5 29. Bxf5 Ra2 30. Kf1 Ne5 31. Be4 Nc4 32. Kf2 Re8 33. Rbc1 Nd6 34. Rd4 Rxe2+ 35. Kxe2 f5 36. Rc6 Re6 37. Kd3 fxe4+ 38. fxe4 Kf7 39. e5 Nf5 40. Rd7+ Ke8 41. Rxg7 Nxg7 42. Rc8+ Kf7 43. Rxb8 Rxe5 44. Kd4 Re7 45. b5 Nf5+ 46. Kd5 Rc7 47. Ke5 Rc5+ 48. Kf4 Nd6 0-1

[Event "Kurass Memorial op 08th"]
[Site "Kiev"]
[Date "2007.06.22"]
[Round "4"]
[White "Chistiakov, Anatolij"]
[Black "Brozhik, Vasilij"]
[Result "0-1"]
[WhiteElo "1901"]
[BlackElo "2172"]
[PlyCount "30"]
[EventDate "2007.06.19"]
[EventType "swiss"]
[EventRounds "9"]
[EventCountry "UKR"]
[SourceTitle "EXT 2009"]
[Source "ChessBase"]
[SourceDate "2008.11.26"]
[SourceVersion "1"]
[SourceVersionDate "2008.11.26"]
[SourceQuality "1"]

1. e4 c5 2. Nf3 e6 3. d4 cxd4 4. Nxd4 Nf6 5. f3 d5 6. e5 Nfd7 7. f4 Nc6 8. c3 Qb6 9. Be2 Bc5 10. Nf3 0-0 11. b4 Bf2+ 12. Kf1 f6 13. exf6 Nxf6 14. g3 e5 15. fxe5 Bh3# 0-1

[Event "Kurass Memorial op 08th"]
[Site "Kiev"]
[Date "2007.06.20"]
[Round "2"]
[White "Khliastikov, Georgy"]
[Black "Brozhik, Vasilij"]
[Result "1-0"]
[WhiteElo "2068"]
[BlackElo "2172"]
[PlyCount "107"]
[EventDate "2007.06.19"]
[EventType "swiss"]
[EventRounds "9"]
[EventCountry "UKR"]
[SourceTitle "EXT 2009"]
[Source "ChessBase"]
[SourceDate "2008.11.26"]
[SourceVersion "1"]
[SourceVersionDate "2008.11.26"]
[SourceQuality "1"]

1. Nf3 Nf6 2. c4 e6 3. Nc3 d5 4. d4 Be7 5. Bg5 0-0 6. e3 Nbd7 7. Bd3 dxc4 8. Bxc4 b6 9. e4 Bb7 10. Qe2 c5 11. 0-0 cxd4 12. Nxd4 Nxe4 13. Nxe4 Bxg5 14. Nd6 Bd5 15. Bxd5 exd5 16. Qf3 Nf6 17. N6f5 Ne4 18. Rfe1 Qf6 19. Rad1 g6 20. Ne3 Qxf3 21. gxf3 Bxe3 22. Rxe3 Nf6 23. Re7 Rfe8 24. Rc7 Rec8 25. Rdc1 Rxc7 26. Rxc7 Nh5 27. Kf1 Nf4 28. a4 Re8 29. b4 a6 30. Rc6 Ne6 31. Nb3 a5 32. Rxb6 axb4 33. Rxb4 Ra8 34. a5 Kg7 35. Ke1 Kf6 36. Kd2 h5 37. Rb6 Ke5 38. a6 Nc7 39. Nc5 Kd4 40. Rc6 Ra7 41. f4 Nxa6 42. Nxa6 Ke4 43. Ke2 Kxf4 44. Kd3 Kg4 45. Rf6 Kh3 46. Nb4 Kxh2 47. Nxd5 Rd7 48. Ke4 Kg2 49. Ne3+ Kh2 50. Kf3 Kg1 51. Ra6 g5 52. Kg3 h4+ 53. Kf3 Kh2 54. Ra1 1-0

[Event "Kiev-ch"]
[Site "Kiev"]
[Date "2007.01.24"]
[Round "5"]
[White "Semenova, Lidia K"]
[Black "Brozhik, Vasilij"]
[Result "1/2-1/2"]
[WhiteElo "2270"]
[BlackElo "2172"]
[PlyCount "53"]
[EventDate "2007.01.20"]
[EventType "swiss"]
[EventRounds "11"]
[EventCountry "UKR"]
[SourceTitle "CBM 116 Extra"]
[Source "ChessBase"]
[SourceDate "2007.03.07"]
[SourceVersion "1"]
[SourceVersionDate "2007.03.07"]
[SourceQuality "1"]

1. e4 c5 2. g3 Nc6 3. Bg2 g6 4. Ne2 Bg7 5. c3 e5 6. d3 Nge7 7. Be3 d6 8. Qd2 h5 9. Na3 b6 10. h4 Ba6 11. b4 Bb7 12. Rb1 cxb4 13. cxb4 d5 14. b5 Na5 15. Qb4 0-0 16. 0-0 Qd7 17. Rbd1 d4 18. Bd2 a6 19. Rb1 axb5 20. Nxb5 Nac6 21. Qb2 Ba6 22. Nc1 Rfb8 23. Ne2 f5 24. f4 Bh6 25. exf5 exf4 26. Bxf4 Bxf4 27. gxf4 1/2-1/2

[Event "Kiev-ch"]
[Site "Kiev"]
[Date "2007.01.23"]
[Round "4"]
[White "Brozhik, Vasilij"]
[Black "Balanovskij, Valentin"]
[Result "1-0"]
[WhiteElo "2172"]
[BlackElo "2111"]
[PlyCount "95"]
[EventDate "2007.01.20"]
[EventType "swiss"]
[EventRounds "11"]
[EventCountry "UKR"]
[SourceTitle "CBM 116 Extra"]
[Source "ChessBase"]
[SourceDate "2007.03.07"]
[SourceVersion "1"]
[SourceVersionDate "2007.03.07"]
[SourceQuality "1"]

1. Nf3 d5 2. d4 Nf6 3. c4 c6 4. Nc3 dxc4 5. a4 Bf5 6. Ne5 e6 7. Nxc4 Na6 8. Bg5 Be7 9. e3 Nb4 10. Rc1 a5 11. Be2 0-0 12. 0-0 h6 13. Bf4 Nfd5 14. Bg3 Nxc3 15. Rxc3 b5 16. Ne5 Qe8 17. Nxc6 Nxc6 18. Bxb5 Be4 19. f3 Bb4 20. Rc1 Bd5 21. e4 Rc8 22. exd5 exd5 23. Kh1 Qe6 24. Rc2 Qf6 25. Qc1 Na7 26. Be5 Qf5 27. Rc7 Nxb5 28. axb5 Rxc7 29. Bxc7 Qd3 30. b6 Qa6 31. h3 Rc8 32. Rd1 Bd6 33. Qc6 Rxc7 34. Qe8+ Kh7 35. bxc7 Bxc7 36. Qxf7 Qd6 37. f4 Qxf4 38. Qxf4 Bxf4 39. g4 Kg6 40. Kg2 Kf6 41. Rf1 g5 42. h4 Ke6 43. Rxf4 gxf4 44. Kf3 h5 45. gxh5 Kf5 46. b3 Ke6 47. Kxf4 Kf6 48. h6 1-0

[Event "Kiev-ch"]
[Site "Kiev"]
[Date "2007.01.21"]
[Round "2"]
[White "Brozhik, Vasilij"]
[Black "Musienko, Olexiy"]
[Result "1-0"]
[WhiteElo "2172"]
[BlackElo "1945"]
[PlyCount "109"]
[EventDate "2007.01.20"]
[EventType "swiss"]
[EventRounds "11"]
[EventCountry "UKR"]
[SourceTitle "CBM 116 Extra"]
[Source "ChessBase"]
[SourceDate "2007.03.07"]
[SourceVersion "1"]
[SourceVersionDate "2007.03.07"]
[SourceQuality "1"]

1. d4 Nf6 2. c4 g6 3. g3 Bg7 4. Bg2 0-0 5. Nc3 d6 6. e4 c6 7. Nge2 Nbd7 8. 0-0 e5 9. h3 Re8 10. d5 c5 11. a3 Nb6 12. Qd3 Bd7 13. Be3 a5 14. b3 Rc8 15. Rfb1 Qc7 16. Ra2 Rb8 17. Kh2 Rec8 18. Rba1 Ne8 19. a4 Qd8 20. Nb5 f5 21. Bd2 Na8 22. Na7 Rc7 23. Nb5 b6 24. Nxc7 Naxc7 25. Bc3 Bh6 26. f4 Bg7 27. Rf1 fxe4 28. Bxe4 Qe7 29. Rd2 exf4 30. gxf4 Nf6 31. Ng3 Rf8 32. Re2 Qd8 33. Bg2 Nce8 34. Rfe1 Rf7 35. Ne4 Nh5 36. Ng5 Rxf4 37. Ne6 Bxe6 38. Rxe6 Rf8 39. Qe3 Nef6 40. Re7 Qc8 41. Qe6+ Qxe6 42. R1xe6 Bh6 43. Rb7 Bf4+ 44. Kg1 Ne8 45. Rb8 Nc7 46. Rxf8+ Kxf8 47. Re4 g5 48. Bf3 Ng3 49. Re1 Kf7 50. Kg2 Nf5 51. Bh5+ Kf8 52. Kf3 Nd4+ 53. Bxd4 cxd4 54. Ke4 Be5 55. Rf1+ 1-0